000 00787nam a2200229Ii 4500
003 JO-AjNU
008 230605s9999||||xx |||||||||||||| ||und||
017 _a2015/5/2309
020 _a978-9957-60-825-5
040 _aJO-AjNU
_bara
_erda
_cJO-AjNU
041 _aara
050 1 4 _aHM742.2016
100 3 _aقادري، حليمة,
_eauthor
_962241
245 0 0 _aالتواصل الاجتماعي
250 _aط1
264 3 1 _aعمان: الدار المنهجية للنشر والتوزيع، 2016
300 _a224ص
_b ويحتوي على قائمة مراجع من 207ص-224ص
336 _atext
_btxt
_2rdacontent
337 _aunmediated
_bn
_2rdamedia
338 _avolume
_bnc
_2rdacarrier
650 4 _aالتواصل الاجتماعي-شبكات الحاسوب
_962242
999 _aA28175
_c31743
_d31743